Discovering nutrition (Record no. 16444)
[ view plain ]
| 000 -LEADER | |
|---|---|
| fixed length control field | 00822nam a22001937a 4500 |
| 008 - FIXED-LENGTH DATA ELEMENTS--GENERAL INFORMATION | |
| fixed length control field | 170825b xxu||||| |||| 00| 0 eng d |
| 020 ## - INTERNATIONAL STANDARD BOOK NUMBER | |
| International Standard Book Number | 1284064650 |
| 040 ## - CATALOGING SOURCE | |
| Original cataloging agency | KABU |
| Transcribing agency | KABU |
| 050 ## - LIBRARY OF CONGRESS CALL NUMBER | |
| Classification number | QP141 |
| Item number | .D57 2013 |
| 245 ## - TITLE STATEMENT | |
| Title | Discovering nutrition |
| Statement of responsibility, etc. | by Paul Insel ... [et al]. |
| 250 ## - EDITION STATEMENT | |
| Edition statement | 5th ed. |
| 260 ## - PUBLICATION, DISTRIBUTION, ETC. (IMPRINT) | |
| Place of publication, distribution, etc. | Burlington, MA |
| Name of publisher, distributor, etc. | Jones & Barlett Learning |
| Date of publication, distribution, etc. | 2013 |
| 300 ## - PHYSICAL DESCRIPTION | |
| Extent | xxi, 688 p. |
| 650 ## - SUBJECT ADDED ENTRY--TOPICAL TERM | |
| Topical term or geographic name as entry element | Nutritional physiological phenomena |
| 650 ## - SUBJECT ADDED ENTRY--TOPICAL TERM | |
| Topical term or geographic name as entry element | Diet |
| 700 ## - ADDED ENTRY--PERSONAL NAME | |
| Personal name | Insel, Paul |
| 700 ## - ADDED ENTRY--PERSONAL NAME | |
| Personal name | |
| 942 ## - ADDED ENTRY ELEMENTS (KOHA) | |
| Source of classification or shelving scheme | Library of Congress Classification |
| Koha item type | General Collection |
| Edition | 5th ed. |
| Classification part | QP141 .D57 2013 |
| Withdrawn status | Lost status | Source of classification or shelving scheme | Not for loan | Home library | Current library | Shelving location | Date acquired | Cost, normal purchase price | Total Checkouts | Total Renewals | Full call number | Barcode | Date last seen | Date last checked out | Copy number | Price effective from | Koha item type |
|---|---|---|---|---|---|---|---|---|---|---|---|---|---|---|---|---|---|
| Library of Congress Classification | Kabarak, Main Campus | Kabarak, Main Campus | General Stacks | 25/08/2017 | 10280.00 | 17 | 2 | QP141 .D57 2013 C.1 | 027527 | 28/07/2022 | 02/07/2022 | C.1 | 25/08/2017 | General Collection |